XI des équipes ayant éliminé le PSG en LDC depuis 2012 - Statistiques

Statistiques générales
  • Ce quiz a été pris 45 fois
    13 depuis la dernière actualisation
  • Le résultat moyen est 249 sur 366
Statistiques - réponses
Equipe Statut Poste Nationalité Réponse % Correct
- Titulaire 🟨 Défenseur Maroc Achraf Hakimi
100%
- Titulaire Milieu Espagne Fabian Ruiz
100%
- Titulaire Gardien Italie Gianluigi Donnarumma
100%
- Titulaire Attaquant Portugal Gonçalo Ramos
100%
- Remplaçant Milieu Corée du Sud Kang-In Lee
100%
Paris Saint-Germain 2024 4-3-3 Entraineur Espagne Luis Enrique
100%
- Titulaire Défenseur Brésil Marquinhos
100%
- Titulaire Défenseur Portugal Nuno Mendes
100%
- Titulaire 🟨 Attaquant France Ousmane Dembélé
100%
- Titulaire Milieu Portugal Vitinha
100%
- Titulaire Milieu France Warren Zaïre-Emery
100%
- Titulaire Défenseur Sénégal Abdou Diallo
92%
- Titulaire 🟨 Défenseur Maroc Achraf Hakimi
92%
- Titulaire 🟨 Défenseur Maroc Achraf Hakimi
92%
- Titulaire Défenseur Italie Alessandro Florenzi
92%
- Remplaçant Attaquant Argentine Angel Di Maria
92%
- Titulaire Attaquant Argentine Angel Di Maria
92%
- Remplaçant Attaquant France Bradley Barcola
92%
Real Madrid 2022 4-3-3 Entraineur Italie Carlo Ancelotti
92%
Paris Saint-Germain 2023 3-5-2 Entraineur France Christophe Galtier
92%
- Titulaire Défenseur Portugal Danilo Pereira
92%
- Titulaire Milieu Espagne Fabian Ruiz
92%
- Titulaire Gardien Italie Gianluigi Donnarumma
92%
- Titulaire 🟨 Gardien Italie Gianluigi Donnarumma
92%
- Titulaire Gardien Suisse Gregor Kobel
92%
- Remplaçant Milieu Sénégal Idrissa Gueye
92%
- Remplaçant Milieu Allemagne Julian Draxler
92%
- Remplaçant Milieu Allemagne Julian Draxler
92%
- Titulaire Gardien Costa Rica Keylor Navas
92%
- Titulaire Attaquant France Kylian Mbappé
92%
- Titulaire Attaquant France Kylian Mbappé
92%
- Titulaire⚽ Attaquant France Kylian Mbappé
92%
- Titulaire 🟨 Milieu Argentine Leandro Paredes
92%
- Titulaire Milieu Argentine Leandro Paredes
92%
- Titulaire Attaquant Argentine Lionel Messi
92%
- Titulaire Attaquant Argentine Lionel Messi
92%
- Titulaire Défenseur Brésil Lucas Beraldo
92%
- Remplaçant Attaquant Espagne Marco Asensio
92%
- Titulaire Milieu Italie Marco Verratti
92%
- Titulaire Milieu Italie Marco Verratti
92%
- Titulaire 🟨 Milieu Italie Marco Verratti
92%
- Titulaire Défenseur Brésil Marquinhos
92%
- Titulaire Défenseur Brésil Marquinhos
92%
- Titulaire Défenseur Brésil Marquinhos
92%
Paris Saint-Germain 2022 4-3-3 Entraineur Argentine Mauricio Pochettino
92%
Paris Saint-Germain 2021 4-3-3 Entraineur Argentine Mauricio Pochettino
92%
- Titulaire Attaquant Argentine Mauro Icardi
92%
- Remplaçant Attaquant Italie Moise Kean
92%
- Titulaire Attaquant Brésil Neymar
92%
- Titulaire Attaquant Brésil Neymar
92%
- Titulaire Défenseur Portugal Nuno Mendes
92%
- Titulaire Défenseur Portugal Nuno Mendes
92%
- Titulaire 🟨 Défenseur France Presnel Kimpembe
92%
- Titulaire 🟨 Défenseur France Presnel Kimpembe
92%
- Titulaire Milieu Portugal Vitinha
92%
- Remplaçant Milieu France Warren Zaïre-Emery
92%
- Titulaire Gardien Suisse Yann Sommer
92%
- Titulaire Attaquant(Défenseur) Canada Alphonso Davies
83%
- Titulaire Milieu Portugal Danilo Pereira
83%
- Remplaçant 🟨 Milieu Portugal Danilo Pereira
83%
- Titulaire Défenseur Autriche David Alaba
83%
- Titulaire Défenseur France Dayot Upamecano
83%
- Titulaire Défenseur Brésil Eder Militão
83%
- Remplaçant Milieu France Eduardo Camavinga
83%
- Titulaire⚽ Attaquant Cameroun Eric-Maxim Choupo-Moting
83%
- Titulaire Milieu Uruguay Federico Valverde
83%
- Titulaire Attaquant Angleterre Jadon Sancho
83%
- Titulaire Milieu Allemagne Joshua Kimmich
83%
- Titulaire Attaquant Allemagne Karim Adeyemi
83%
- Titulaire⚽⚽⚽ Attaquant France Karim Benzema
83%
- Titulaire Attaquant France Kingsley Coman
83%
- Titulaire Milieu Allemagne Leon Goretzka
83%
- Titulaire Milieu Croatie Luka Modric
83%
- Titulaire 🟨 Milieu Autriche Marcel Sabitzer
83%
- Titulaire Attaquant Espagne Marco Asensio
83%
- Remplaçant Attaquant Brésil Rodrygo
83%
- Titulaire Défenseur Espagne Sergio Ramos
83%
- Titulaire Gardien Belgique Thibaut Courtois
83%
- Titulaire Attaquant Allemagne Thomas Muller
83%
- Titulaire Milieu Allemagne Toni Kroos
83%
- Titulaire 🟨 Attaquant Brésil Vinicius
83%
- Titulaire Milieu France Adrien Rabiot
75%
- Titulaire Milieu France Adrien Rabiot
75%
- Titulaire Milieu France Adrien Rabiot
75%
- Titulaire Gardien France Alphonse Areola
75%
- Titulaire 🟨 Défenseur Canada Alphonso Davies
75%
- Titulaire 🟨 Milieu Espagne Ander Herrera
75%
- Titulaire Milieu Espagne Andrés Iniesta
75%
- Titulaire Attaquant Argentine Angel Di Maria
75%
- Titulaire 🟨 Attaquant Argentine Angel Di Maria
75%
- Titulaire Attaquant Argentine Angel Di Maria
75%
- Titulaire Attaquant Argentine Angel Di Maria
75%
- Remplaçant Milieu Turquie Arda Turan
75%
- Titulaire 🟨 Milieu France Blaise Matuidi
75%
- Titulaire⚽ Milieu Brésil Casemiro
75%
- Remplaçant Milieu France Corentin Tolisso
75%
- Titulaire⚽ Attaquant Portugal Cristiano Ronaldo
75%
- Titulaire Défenseur Espagne Dani Carvajal
75%
- Titulaire Défenseur Brésil Daniel Alves
75%
- Titulaire Défenseur Brésil Daniel Alves
75%
- Titulaire 🟨 Défenseur Espagne Daniel Carvajal
75%
- Titulaire Défenseur Autriche David Alaba
75%
- Titulaire Gardien Espagne David De Gea
75%
- Remplaçant Défenseur Portugal Diogo Dalot
75%
- Titulaire Gardien Brésil Ederson
75%
- Remplaçant Attaquant Uruguay Edinson Cavani
75%
- Titulaire⚽🟨 Attaquant Uruguay Edinson Cavani
75%
- Titulaire⚽🟨 Attaquant Uruguay Edinson Cavani
75%
- Titulaire Attaquant Uruguay Edinson Cavani
75%
- Remplaçant Attaquant Cameroun Eric-Maxim Choupo-Moting
75%
- Titulaire Milieu Brésil Fernandinho
75%
- Titulaire Milieu Brésil Fred
75%
- Titulaire Défenseur France Gaël Clichy
75%
- Remplaçant Attaquant Pays de Galles Gareth Bale
75%
- Titulaire🟨 Défenseur Espagne Gérard Piqué
75%
- Titulaire Gardien Italie Gianluigi Buffon
75%
- Titulaire 🟨 Défenseur Pays-bas Gregory Van Der Wiel
75%
- Remplaçant Milieu Pologne Grzegorz Krychowiak
75%
- Titulaire Milieu Allemagne Ilkay Gundogan
75%
- Remplaçant Milieu Espagne Isco
75%
- Titulaire🟨 Milieu Croatie Ivan Rakitic
75%
- Titulaire Défenseur Argentine Javier Mascherano
75%
- Titulaire Gardien Angleterre Joe Hart
75%
- Titulaire Défenseur Angleterre John Stones
75%
- Titulaire Défenseur Allemagne Joshua Kimmich
75%
- Titulaire Défenseur Croatie Josip Stanisic
75%
- Remplaçant Défenseur Espagne Juan Bernat
75%
- Titulaire Défenseur Espagne Juan Bernat
75%
- Titulaire⚽ Défenseur Espagne Juan Bernat
75%
- Titulaire Milieu Allemagne Julian Brandt
75%
- Remplaçant Milieu Allemagne Julian Draxler
75%
- Titulaire Attaquant Allemagne Julian Draxler
75%
- Remplaçant Milieu Allemagne Julian Draxler
75%
- Titulaire 🟨 Milieu Allemagne Julian Draxler
75%
- Titulaire Attaquant France Karim Benzema
75%
- Titulaire 🟨 Attaquant(Milieu) Belgique Kevin De Bruyne
75%
- Titulaire Gardien Allemagne Kevin Trapp
75%
- Titulaire 🟨 Gardien Allemagne Kevin Trapp
75%
- Titulaire Gardien Costa Rica Keylor Navas
75%
- Titulaire Gardien Costa Rica Keylor Navas
75%
- Titulaire⚽ Attaquant France Kingsley Coman
75%
- Titulaire Attaquant France Kylian Mbappé
75%
- Titulaire Attaquant France Kylian Mbappé
75%
- Titulaire Attaquant France Kylian Mbappé
75%
Paris Saint-Germain 2016 3-5-2 Entraineur France Laurent Blanc
75%
- Titulaire 🟨 Milieu Argentine Leandro Paredes
75%
- Titulaire Milieu Allemagne Leon Goretzka
75%
- Titulaire⚽ Attaquant Argentine Lionel Messi
75%
- Titulaire Attaquant Brésil Lucas Moura
75%
- Remplaçant Attaquant Brésil Lucas Moura
75%
- Remplaçant 🟨 Défenseur Espagne Lucas Vazquez
75%
FC Barcelone 2017 3-4-3 Entraineur Espagne Luis Enrique
75%
- Titulaire⚽🟨 Attaquant Uruguay Luis Suarez
75%
- Titulaire Gardien Allemagne Manuel Neuer
75%
- Titulaire Gardien Allemagne Marc-André Ter Stegen
75%
- Titulaire Défenseur Brésil Marcelo
75%
- Remplaçant Milieu Italie Marco Verratti
75%
- Titulaire Milieu Italie Marco Verratti
75%
- Titulaire 🟨🟨🟥 Milieu Italie Marco Verratti
75%
- Titulaire 🟨 Milieu Italie Marco Verratti
75%
- Titulaire⚽ Attaquant Angleterre Marcus Rashford
75%
- Titulaire Milieu(Défenseur) Brésil Marquinhos
75%
- Titulaire 🟨 Milieu(Défenseur) Brésil Marquinhos
75%
- Titulaire Défenseur Brésil Marquinhos
75%
- Titulaire 🟨 Défenseur Brésil Marquinhos
75%
- Titulaire Défenseur Brésil Marquinhos
75%
- Titulaire⚽🟨 Défenseur Allemagne Mats Hummels
75%
- Titulaire Défenseur Pays-Bas Matthijs De Ligt
75%
- Titulaire Défenseur Brésil Maxwell
75%
- Titulaire 🟨 Défenseur Espagne Nacho Fernandez
75%
- Titulaire 🟨 Attaquant Brésil Neymar
75%
- Titulaire⚽⚽🟨 Attaquant Brésil Neymar
75%
- Titulaire Attaquant Allemagne Niclas Füllkrug
75%
Manchester United 2019 4-4-2 Entraineur Norvège Ole Gunnar Solskjaer
75%
- Titulaire 🟨 Défenseur Ukraine Oleksandr Zinchenko
75%
Manchester City 2021 4-4-2 Entraineur Espagne Pep Guardiola
75%
- Titulaire Attaquant Angleterre Phil Foden
75%
- Titulaire Défenseur France Presnel Kimpembe
75%
- Titulaire Défenseur France Presnel Kimpembe
75%
- Titulaire Défenseur France Raphaël Varane
75%
- Titulaire⚽⚽ Attaquant Algérie Riyad Mahrez
75%
- Titulaire Attaquant Pologne Robert Lewandowski
75%
- Titulaire⚽⚽ Attaquant Belgique Romelu Lukaku
75%
- Titulaire Défenseur Portugal Ruben Dias
75%
- Remplaçant Attaquant Sénégal Sadio Mané
75%
- Titulaire Milieu Ecosse Scott Mctominay
75%
- Remplaçant Défenseur Côte d'Ivoire Serge Aurier
75%
- Titulaire Défenseur Côte d'Ivoire Serge Aurier
75%
- Titulaire 🟨 Attaquant Allemagne Serge Gnabry
75%
- Titulaire🟨 Milieu Espagne Sergio Busquets
75%
- Titulaire 🟨 Défenseur Espagne Sergio Ramos
75%
- Remplaçant⚽ Milieu Espagne Sergi Roberto
75%
- Titulaire Milieu Italie Thiago Motta
75%
- Titulaire Milieu Italie Thiago Motta
75%
- Titulaire 🟨 Défenseur Brésil Thiago Silva
75%
- Titulaire Défenseur Brésil Thiago Silva
75%
- Titulaire Défenseur Brésil Thiago Silva
75%
- Titulaire Défenseur Brésil Thiago Silva
75%
- Titulaire Défenseur Brésil Thiago Silva
75%
- Remplaçant Défenseur Belgique Thomas Meunier
75%
- Titulaire Défenseur Belgique Thomas Meunier
75%
- Titulaire 🟨 Attaquant Allemagne Thomas Muller
75%
Paris Saint-Germain 2020 4-3-3 Entraineur Allemagne Thomas Tuchel
75%
Paris Saint-Germain 2019 3-4-3 Entraineur Allemagne Thomas Tuchel
75%
- Remplaçant Milieu Allemagne Toni Kroos
75%
Paris Saint-Germain 2018 4-3-3 Entraineur Espagne Unai Emery
75%
Paris Saint-Germain 2017 4-2-3-1 Entraineur Espagne Unai Emery
75%
- Titulaire Défenseur Suède Victor Lindelöf
75%
Real Madrid 2018 4-4-2 Entraineur France Zinédine Zidane
75%
- Titulaire Attaquant Suède Zlatan Ibrahimović
75%
- Remplaçant Attaquant Argentine Angel Di Maria
67%
- Titulaire Attaquant Portugal Bernardo Silva
67%
- Titulaire Milieu Allemagne Emre Can
67%
- Titulaire Défenseur Côte d'Ivoire Eric Bailly
67%
- Titulaire 🟨 Milieu Brésil Fernandinho
67%
- Remplaçant Attaquant Brésil Gabriel Jesus
67%
Bayern Munich 2020 4-2-3-1 Entraineur Allemagne Hansi Flick
67%
- Remplaçant Attaquant France Hugo Ekitike
67%
- Remplaçant Attaquant Croatie Ivan Perisic
67%
- Remplaçant Défenseur Portugal Joao Cancelo
67%
Bayern Munich 2023 3-2-4-1 Entraineur Allemagne Julian Nagelsmann
67%
- Titulaire Défenseur Norvège Julian Ryerson
67%
- Titulaire⚽ Milieu Belgique Kevin De Bruyne
67%
- Titulaire Défenseur Angleterre Kyle Walker
67%
- Titulaire🔴 Défenseur France Layvin Kurzawa
67%
- Remplaçant 🟨 Milieu Argentine Leandro Paredes
67%
- Titulaire 🟨 Milieu Croatie Mateo Kovacic
67%
- Remplaçant Défenseur Pays-Bas Mitchel Bakker
67%
- Titulaire Défenseur Allemagne Nico Schlotterbeck
67%
- Titulaire Défenseur France Samuel Umtiti
67%
- Remplaçant⚽ Attaquant Allemagne Serge Gnabry
67%
- Remplaçant Attaquant Argentine Sergio Agüero
67%
- Titulaire Attaquant Argentine Sergio Agüero
67%
- Titulaire Milieu Espagne Thiago Alcantara
67%
- Titulaire Défenseur Allemagne Thilo Kehrer
67%
- Titulaire Défenseur Allemagne Thilo Kehrer
67%
- Remplaçant Milieu Côte d'Ivoire Yaya Touré
67%
- Titulaire Défenseur Espagne Yuri Berchiche
67%
- Remplaçant Milieu France Adrien Rabiot
58%
- Titulaire Milieu Espagne Ander Herrera
58%
- Titulaire Milieu Espagne Andrés Iniesta
58%
- Titulaire Milieu France Blaise Matuidi
58%
- Titulaire Milieu France Blaise Matuidi
58%
- Titulaire Défenseur Brésil Daniel Alves
58%
- Titulaire Attaquant Espagne David Silva
58%
- Titulaire Attaquant Uruguay Edinson Cavani
58%
- Titulaire 🟨 Attaquant Uruguay Edinson Cavani
58%
- Titulaire 🟨 Milieu Angleterre Frank Lampard
58%
- Titulaire Défenseur Espagne Gérard Piqué
58%
- Titulaire Défenseur Pays-Bas Gregory Van Der Wiel
58%
- Titulaire Défenseur Pays-Bas Ian Maatsen
58%
- Titulaire Milieu Croatie Ivan Rakitic
58%
- Titulaire Défenseur Argentine Javier Mascherano
58%
- Remplaçant 🟨 Attaquant Argentine Javier Pastore
58%
- Titulaire Attaquant Argentine Javier Pastore
58%
- Remplaçant Attaquant Argentine Javier Pastore
58%
- Titulaire Défenseur Allemagne Jérome Boateng
58%
- Titulaire Défenseur Espagne Jordi Alba
58%
Paris Saint-Germain 2015 4-3-3 Entraineur France Laurent Blanc
58%
Paris Saint-Germain 2014 4-3-3 Entraineur France Laurent Blanc
58%
- Titulaire Attaquant Argentine Lionel Messi
58%
- Remplaçant Attaquant Brésil Lucas Moura
58%
- Titulaire Milieu(Défenseur) Espagne Lucas Vazquez
58%
FC Barcelone 2015 4-3-3 Entraineur Espagne Luis Enrique
58%
- Titulaire Attaquant Uruguay Luis Suarez
58%
- Titulaire 🟨 Défenseur Angleterre Luke Shaw
58%
- Titulaire Gardien Allemagne Marc-André Ter Stegen
58%
- Titulaire Milieu Italie Marco Verratti
58%
- Titulaire 🟨 Milieu Italie Marco Verratti
58%
- Titulaire Défenseur Brésil Marquinhos
58%
- Remplaçant Défenseur Brésil Marquinhos
58%
- Titulaire Défenseur Brésil Maxwell
58%
- Titulaire 🟨 Défenseur Brésil Maxwell
58%
- Titulaire Défenseur Brésil Maxwell
58%
- Titulaire⚽⚽ Attaquant Brésil Neymar
58%
- Titulaire Défenseur Argentine Nicolás Otamendi
58%
- Remplaçant Défenseur Allemagne Niklas Süle
58%
- Remplaçant 🟨 Défenseur Allemagne Niklas Süle
58%
- Titulaire Gardien Tchéquie Petr Čech
58%
- Titulaire Gardien Italie Salvatore Sirigu
58%
- Titulaire Gardien Italie Salvatore Sirigu
58%
- Titulaire Milieu Espagne Sergio Busquets
58%
- Titulaire Milieu Italie Thiago Motta
58%
- Titulaire Défenseur Brésil Thiago Silva
58%
- Titulaire 🟨 Défenseur Brésil Thiago Silva
58%
- Titulaire Attaquant Suède Zlatan Ibrahimović
58%
- Titulaire Défenseur Brésil Alex
50%
- Titulaire Défenseur Brésil Alex
50%
- Remplaçant Milieu Portugal André Gomes
50%
- Titulaire Milieu Espagne Andrés Iniesta
50%
- Titulaire Défenseur France Bacary Sagna
50%
- Titulaire Défenseur Espagne César Azpilicueta
50%
- Titulaire Défenseur France Christophe Jallet
50%
- Titulaire Défenseur France Christophe Jallet
50%
- Remplaçant Défenseur France Colin Dagba
50%
- Titulaire Défenseur Brésil Daniel Alves
50%
- Remplaçant 🟨 Milieu Angleterre David Beckham
50%
- Titulaire 🟨 Défenseur Brésil David Luiz
50%
- Titulaire 🟨 Milieu(Défenseur) Brésil David Luiz
50%
- Titulaire Attaquant Belgique Eden Hazard
50%
- Titulaire Défenseur France Eliaquim Mangala
50%
- Remplaçant Attaquant Argentine Ezequiel Lavezzi
50%
- Titulaire Attaquant Argentine Ezequiel Lavezzi
50%
- Titulaire Défenseur Angleterre Gary Cahill
50%
- Titulaire Défenseur Espagne Gérard Piqué
50%
- Remplaçant Défenseur Pays-Bas Gregory Van Der Wiel
50%
- Titulaire Attaquant Allemagne Jamal Musiala
50%
- Titulaire⚽ Attaquant Argentine Javier Pastore
50%
- Titulaire Défenseur Angleterre John Terry
50%
Chelsea 2014 4-2-3-1 Entraineur Portugal José Mourinho
50%
- Remplaçant 🟨 Défenseur France Layvin Kurzawa
50%
- Remplaçant Attaquant Allemagne Leroy Sané
50%
- Remplaçant Attaquant Argentine Lionel Messi
50%
- Titulaire 🟨 Attaquant Brésil Lucas Moura
50%
- Titulaire Attaquant Brésil Lucas Moura
50%
- Titulaire Milieu Italie Marco Verratti
50%
- Remplaçant Défenseur France Nordi Mukiele
50%
- Remplaçant Attaquant Espagne Pedro
50%
- Titulaire⚽ Attaquant Espagne Pedro
50%
- Remplaçant Attaquant Brésil Philippe Coutinho
50%
- Titulaire Milieu Brésil Rafinha
50%
- Remplaçant Attaquant Angleterre Raheem Sterling
50%
- Titulaire Gardien Italie Salvatore Sirigu
50%
- Titulaire Attaquant Cameroun Samuel Eto'o
50%
- Titulaire Milieu Espagne Sergio Busquets
50%
- Titulaire Milieu Italie Thiago Motta
50%
- Titulaire Gardien Espagne Victor Valdés
50%
- Remplaçant Milieu Espagne Xavi
50%
- Titulaire Milieu Espagne Xavi
50%
- Titulaire Attaquant Suède Zlatan Ibrahimović
50%
Paris Saint-Germain 2013 4-4-2 Entraineur Italie Carlo Ancelotti
42%
- Titulaire Attaquant(Milieu) Espagne Cesc Fàbregas
42%
- Titulaire Attaquant Espagne David Villa
42%
- Remplaçant Défenseur France El Chadaille Bitshiabu
42%
- Titulaire 🟨 Attaquant Argentine Ezequiel Lavezzi
42%
- Remplaçant Attaquant Argentine Javier Pastore
42%
- Titulaire Défenseur Espagne Jordi Alba
42%
- Remplaçant Milieu Allemagne Marco Reus
42%
- Remplaçant Milieu Cameroun Alex Song
33%
- Titulaire 🟨 Défenseur Serbie Branislav Ivanović
33%
Borussia Dortmund 2024 4-3-3 Entraineur Allemagne Edin Terzic
33%
- Titulaire Milieu Brésil Fernando
33%
- Remplaçant Attaquant Nigéria Kelechi Iheanacho
33%
- Remplaçant Attaquant France Kévin Gameiro
33%
- Titulaire Milieu Espagne Marco Asensio
33%
- Remplaçant Attaquant Angleterre Mason Greenwood
33%
- Titulaire 🟨 Attaquant Brésil Willian
33%
- Titulaire Milieu France Yohan Cabaye
33%
- Remplaçant Milieu France Yohan Cabaye
33%
- Titulaire Milieu Brésil Andreas Pereira
25%
- Remplaçant⚽ Attaquant Allemagne André Schürrle
25%
- Titulaire Milieu(Défenseur) Angleterre Ashley Young
25%
- Remplaçant⚽ Attaquant Sénégal Demba Ba
25%
- Remplaçant Attaquant Espagne Fernando Torres
25%
- Titulaire Attaquant(Défenseur) Espagne Jesús Navas
25%
Manchester City 2016 4-2-3-1 Entraineur Chili Manuel Pellegrini
25%
- Remplaçant Milieu Espagne Sergi Roberto
25%
- Titulaire 🟨 Défenseur Brésil Adriano
17%
- Titulaire Défenseur Angleterre Chris Smalling
17%
- Remplaçant Milieu Allemagne Felix Nmecha
17%
- Titulaire Attaquant Brésil Oscar
17%
- Remplaçant Attaquant Pays-Bas Tahith Chong
17%
- Remplaçant Milieu France Lassana Diarra
8%
- Remplaçant Milieu Angleterre Fabian Delph
0%
- Remplaçant Défenseur Espagne Marc Bartra
0%
FC Barcelone 2013 4-3-3 Entraineur Espagne Tito Vilanova
0%
Aucun quiz correspondant
Distribution des résultats
% des personnes avec chaque résultat
Percentile par nombre de réponses
Votre historique - résultats
Vous n’avez pas pris ce quiz depuis la dernière actualisation